Encarando los problemas ambientales /
Uloženo v:
| Hlavní autor: | |
|---|---|
| Další autoři: | |
| Médium: | Kniha |
| Jazyk: | Spanish |
| Tagy: |
Přidat tag
Žádné tagy, Buďte první, kdo vytvoří štítek k tomuto záznamu!
|
MARC
| LEADER | 00000nam a22000007a 4500 | ||
|---|---|---|---|
| 003 | cru CIDCACS/IIS | ||
| 005 | 20190130142819.0 | ||
| 007 | ta | ||
| 008 | 190130b1992 ag |||p|r||||||0| z|spa|d | ||
| 999 | |c 42142 |d 42142 | ||
| 040 | |c cru CIDCACS/IIS | ||
| 100 | 1 | |9 8291 |a Gutman, Margarita | |
| 245 | 1 | |a Encarando los problemas ambientales / |c Margarita Gutman, Jorge Enrique Hardoy | |
| 300 | |a páginas 3-19 | ||
| 700 | 1 | |9 8292 |a Hardoy, Jorge Enrique | |
| 773 | 0 | |0 42141 |9 2636 |a Instituto Internacional de Medio Ambiente y Desarrollo |d Buenos Aires, Argentina: IIED-América Latina |o 17567 |t Medio Ambiente y Urbanización/ |x 03267857 | |
| 942 | |2 ddc |c PP | ||
